000 00345nam a2200133Ia 4500
008 240624s9999 xx 000 0 und d
041 _aeng
082 _a658.4092 BOS
100 _aBOSTON RICHARD
245 _aARC LEADERSHIP FROM SURVIVING TO THRIVIN
260 _c2014
_aLondon
_bLeaderSpace
300 _axii, 239 p.; 23 cm.
365 _c
_b38
999 _c28991
_d28991